Movies Quiz

Random Movies or Lyrics Quiz

Disney Lyrics without Hints Quiz Stats

 Plays Quiz not verified by Sporcle

Score 0/42 Timer 08:00
0 Plays Today
Lyrics % Correct
and
98.2%
the
98.2%
the
98.2%
what
58.5%
what
58.5%
what
58.5%
what
58.5%
What
58.5%
your
57%
was
38.6%
was
38.6%
was
38.6%
been
36.1%
been
36.1%
has
35.7%
has
35.7%
mine
32.1%
mine
32.1%
mine
32.1%
once
31.4%
once
31.4%
Lyrics % Correct
once
31.4%
Let
29.6%
Make
26.4%
power
25.6%
shine
24.9%
back
24.5%
back
24.5%
gleam
24.2%
glow
24.2%
Flower,
23.8%
Bring
23.1%
Bring
23.1%
clock
22.7%
lost
22.4%
reverse
21.3%
Heal
19.5%
hurt
18.8%
Change
17.7%
Save
17%
Fates'
16.6%
design
16.6%

You're not logged in!

Compare scores with friends on all Sporcle quizzes.
OR
Log In

Show Comments

Extras

Top Quizzes Today


Score Distribution

Your Account Isn't Verified!

In order to create a playlist on Sporcle, you need to verify the email address you used during registration. Go to your Sporcle Settings to finish the process.

Report this User

Report this user for behavior that violates our Community Guidelines.

Details: